| 000 | 00878pam a2200253 a 4500 | ||
|---|---|---|---|
| 001 | 1200108 | ||
| 005 | 20180308032810.0 | ||
| 008 | 980818s1999 njua b 001 0 eng | ||
| 010 | _a 98042465 | ||
| 020 | _a0838637884 (alk. paper) | ||
| 040 |
_aDLC _cDLC _dDLC |
||
| 041 | _aeng | ||
| 043 | _ae-uk--- | ||
| 080 | _a324.6230941 JOR | ||
| 082 | 0 | 0 |
_a324.6230941 JOR _221 |
| 100 | _a20 | ||
| 101 | _aPOL | ||
| 245 | 0 | 0 |
_aSpeeches and trials of the militant suffragettes : _cedited by Cheryl R. Jorgensen-Earp. |
| 504 | _aIncludes bibliographical references (p. 383-390) and index. | ||
| 906 |
_a7 _bcbc _corignew _d1 _eocip _f19 _gy-gencatlg |
||
| 942 |
_2ddc _cBK |
||
| 999 |
_c44365 _d44365 |
||